000 00814nam a2200217Ii 4500
003 JO-AjNU
008 230605s9999||||xx |||||||||||||| ||und||
017 _a77/2954
020 _a977-7075-84-7
040 _aJO-AjNU
_bara
_erda
_cJO-AjNU
041 _aara
050 1 4 _aLB2805.M3 1978
100 3 _aحسين،منصور مؤلف/زيدان، محمد مصطفى م.مشارك,
_eauthor
_940628
245 0 0 _aسيكولوجية الإدارة المدرسية والإشراف الفني
264 3 1 _aالقاهرة:دار غريب،1978
300 _a240ص
336 _atext
_btxt
_2rdacontent
337 _aunmediated
_bn
_2rdamedia
338 _avolume
_bnc
_2rdacarrier
650 4 _aالإدارة التعليمية-جوانب نفسية. الإشراف التربوي-جوانب نفسية
_940629
999 _aA17258
_c20826
_d20826